000 01302cam a22003131 4500
001 he 68001903
003 DLC
005 20260227111500.0
008 710901s1963 is b 000 0 eng
010 _ahe 68001903
025 _aPL480:Is-5167
040 _aDLC
_cDLC
_dDLC
041 0 _aeng
_aheb
050 0 0 _aPJ5050.I18
_bZ65 1963
100 1 _aFriedländer, M.
_q(Michael),
_d1833-1910.
245 0 0 _aEssays on the writings of Abraham ibn Ezra,
_cby M. Friedlaender.
260 _aYerushalayim,
_b[Mitsḥuf],
_c724 [1963 or 4]
300 _aviii-x, iv-v, 252, 78 p.
_c28 cm.
500 _aAt head of title: Ibn Ezra literature.
500 _aOriginal ed. published as Publications of the Society of Hebrew Literature, second series.
500 _aHebrew appendix "Heʻteḳ perush ha-Rabaʻ ʻal ha-Torah" (78 p. at end) has special t.p.
500 _aTitle page includes original imprint: London, Published for the Society of Hebrew Literature by Trübner and Co. [1877]
504 _aBibliographical footnotes.
600 1 0 _aIbn Ezra, Abraham ben Meïr,
_d1089-1164.
630 0 0 _aBible.
_pPentateuch
_vCommentaries.
700 1 _aIbn Ezra, Abraham ben Meïr,
_d1089-1164.
_tPerush ha-Torah.
740 0 _aIbn Ezra literature.
740 0 _aHeʻteḳ perush ha-Rabaʻ ʻal ha-Torah.
999 _c33435
_d33435